| 000 | 00746nam a2200265 i 4500 | ||
|---|---|---|---|
| 003 | DO-SdBNP | ||
| 005 | 20250424101307.0 | ||
| 007 | ta | ||
| 008 | 250424b2006 sp ||||| |||| 00| 0 spa d | ||
| 020 | _a9788466630306 | ||
| 040 |
_aDO-SdBNP _bspa _cBNPHU _erda |
||
| 041 | _aspa | ||
| 082 | 4 |
_a0 _bR934t _222 |
|
| 100 | 1 |
_aRuiz Montañez, Miguel _eautor _4aut. _987514 |
|
| 245 | 1 | 0 |
_aLa tumba de Colón / _cMiguel Ruiz Montañez |
| 250 | _aPrimera edición | ||
| 264 | 4 |
_aBarcelona : _bEdiciones B, _c©2006. |
|
| 300 |
_a362 páginas ; _c24 cm |
||
| 336 |
_atexto _btxt _2rdacontent |
||
| 337 |
_asin mediación _bn _2rdamedia |
||
| 338 |
_avolumen _bnc _2rdacarrier |
||
| 590 | _aInventariado, 2025 /LP | ||
| 910 | _aLP | ||
| 942 |
_2ddc _cLBS1 |
||
| 999 |
_c58775 _d58775 |
||